| 000 | 00783nam a2200253Ia 4500 | ||
|---|---|---|---|
| 003 | OSt | ||
| 005 | 20220926015424.0 | ||
| 006 | a|||||r|||| 00| 0 | ||
| 007 | ta | ||
| 008 | 220923b |||||||| |||| 00| 0 eng d | ||
| 020 |
_a033391810X _c5018.74 |
||
| 037 |
_b2904, 09/03/2007, RAJKIRAN BOOK AGENCY _cGeneral Book |
||
| 040 |
_aRTL _cRTL _beng |
||
| 041 |
_2eng _aeng |
||
| 082 | _aY5, P1 | ||
| 100 |
_aHess Andreas _9267359 |
||
| 245 | 0 |
_aConcepts of social stratification _b European and American models |
|
| 260 |
_aNew York _bPalgrave _c2001 |
||
| 300 |
_aviii, 190p _ccm. |
||
| 500 | _aBibliogrphy: p 175-179 | ||
| 650 | _aEconomics | ||
| 942 |
_hY5, P1 _cGB _2CC |
||
| 999 |
_c631474 _d631474 |
||